Vista normal
Vista MARC
La salud del suelo : (Registro nro. 17351)
[ vista simple ]
| 000 -Cabecera (24) | |
|---|---|
| Campo de control interno | 01273nam a22002654a 4500 |
| 001 - Número de control | |
| Campo de control | UTEA |
| 005 - Fecha y hora de la | |
| Campo de control | 20251001094824.0 |
| 006 - Campos de control - información adicional | |
| Campos de control | g||||gr||||||01 nz |
| 007 - Tipo material - Descripcion fisica - info general | |
| Tipo material | ta |
| 008 - Códigos de longitud fija (40p) | |
| Campo de control de longitud fija | 250924b es ||||| |||| 00| 0 spa d |
| 020 ## - INTERNATIONAL STANDARD BOOK NUMBER | |
| ISBN | 9788420012469 |
| 040 ## - Origen de la Catalogacion | |
| Centro catalogador/agencia de origen | UTEA |
| 041 ## - Código de idioma (R) | |
| Código de lengua del texto/banda sonora o título independiente (R) | spa |
| 082 ## - Número de la Clasificación | |
| Número de la Clasificación | 631.46 |
| Notación Interna | L87 2021 |
| 100 ## - Autor Personal | |
| Autor Personal | López Bellido Luis |
| Término indicativo de función (R) | autor |
| 245 ## - Titulo | |
| Titulo | La salud del suelo : |
| Subtitulo | Clave de la sostenibilidad y productividad de la agricultura / |
| Mención del autor | Luis López Bellido |
| Medio físico | [Texto Impreso] |
| 250 ## - Mencion de edicion | |
| Mencion de edicion | 1era edición |
| 260 ## - Editorial | |
| Ciudad | España; |
| Nombre de la Editorial | Editorial acribia, S.A; |
| Fecha | 2021 |
| 300 ## - Descripcion | |
| Páginas | 157 páginas; |
| Otros detalles físicos | figuras y tablas; |
| Dimensiones | 14 x 24 cm. |
| 505 ## - Nota de contenido formateada | |
| Nota de contenido formateada Índice del Libro] | El hombre y el suelo -- Funciones y características que definen la calidad del suelos -- Factores que afecta a la salud de los suelos -- Evaluación de la calidad del suelo indicadores -- La función d ela materia orgánica del suelo -- Efectos de los residuos del cultivo, las enmiendas orgánicas y los cultivos de cobertura -- Estrategias para la mejora de la salud en el suelo -- Influencias del suelo en el cambio climático. |
| 650 ## - Temas - Descriptores | |
| Temas - Descriptores | SALUD DEL SUELO |
| 9 (RLIN) | 59486 |
| 650 ## - Temas - Descriptores | |
| Temas - Descriptores | AGRICULTURA |
| 9 (RLIN) | 52429 |
| 650 ## - Temas - Descriptores | |
| Temas - Descriptores | PRODUCTIVIDAD |
| 9 (RLIN) | 59487 |
| 942 ## - Datos personalizados Koha | |
| Esquema de Clasificacion | Dewey Decimal Classification |
| Tipo de Documento | Libros |
| Fecha procesamiento | 2025-09-24 |
| Catalogador | Cirila Celinda Molina Chirinos |
| Estado de retiro | Estado de pérdida | Fuente de Clasificacion | Estado | No para préstamo | Escuela Profesional/ Mención de Maestría | Localización permanente | Ubicación/localización actual | Fecha de adquisición | Signatura topográfica completa | Código de barras | Precio válido a partir de | Tipo de ítem Koha | Ubicación en estantería |
|---|---|---|---|---|---|---|---|---|---|---|---|---|---|
| Dewey Decimal Classification | E.P. Ingeniería Ambiental y RR.NN. | Biblio. Andahuaylas UTEA | Biblio. Andahuaylas UTEA | 09/24/2025 | 631.46 L87 2021 | BAND25090354 | 09/24/2025 | Libros | |||||
| Dewey Decimal Classification | E.P. Ingeniería Ambiental y RR.NN. | Biblioteca Abancay UTEA | Biblioteca Abancay UTEA | 09/29/2025 | 631.46 L87 2021 | BABA25090424 | 09/29/2025 | Libros | Área de Ciencias Puras y Aplicada (primer piso) | ||||
| Dewey Decimal Classification | E.P. Ingeniería Ambiental y RR.NN. | Biblioteca Cusco UTEA | Biblioteca Cusco UTEA | 10/01/2025 | 631.46 L87 2021 | BCUS25100017 | 10/01/2025 | Libros | Biblioteca Puputi |